000 00518 a2200181 4500
003 OSt
005 20260307131750.0
008 260307b |||||||| |||| 00| 0 eng d
020 _a9789364875714
040 _coclc
082 _a894.8123
_bTHO/P
100 1 _aTōmas, Vinōy,
_d1975-
_99968
245 _aPROTHASEESINTE ITHIHASAM /
_cVINOY THOMAS
250 _a5TH ED.
260 _aKottayam:
_bD C Books.
_c2025,
300 _a143 pages
942 _2ddc
_cBK
_h894.8123
_iTHO/P
_k894.8123
_mTHO/P
999 _c44672
_d44672